000 00548 a2200169 4500
999 _c64
_d64
020 _a038546844X
050 _aB72. COP 1993
100 _aCopleston, Frederick C. (Frederick Charles),
_d1907-1994
_eauthor
245 _aA history of philosophy /
_cFrederick C Copleston
264 _aNew York :
_bImage Books,
_c1993
300 _a614 pgs
_b9 volumes : illustrations ; 21 cm
500 _alncludes index
650 _aPhilosophy,
_x Ancient..
650 _a Philosophy
_xMedieval.
650 _a Philosophy
_xRenaissance
942 _2lcc
_cBK
_h72
_iCOP
_kBF